| 000 | 00779nam a22002057a 4500 | ||
|---|---|---|---|
| 003 | BUBTL | ||
| 008 | 190302b xxu||||| |||| 00| 0 eng d | ||
| 020 | _a9841800837 | ||
| 082 | _a891.443/ T325a/ 2012 | ||
| 100 |
_94460 _aঠাকুর, টেকচাঁদ |
||
| 245 |
_aআলালের ঘরের দুলাল / _cটেকচাঁদ ঠাকুর |
||
| 250 | _a3rd Edn. | ||
| 260 |
_aঢাকা : _b বিশ্বসাহিত্য কেন্দ্র, _cc2012. |
||
| 300 |
_a103 p. : _c22 cm. |
||
| 505 | _aআলালের ঘরের দুলাল, টেকচাঁদ ঠাকুর | ||
| 650 | 0 |
_91689 _aবাংলা সাহিত্য |
|
| 856 |
_k0 _l0 _yDownload |
||
| 942 |
_2ddc _cBK |
||
| 999 |
_c6610 _d6610 |
||